MDQL
is popping MORE tags! Check the
thread
!
Quizzes
Events
Quiz Creation
Community
Videos
Private Events
Remove Ads
Sign In
Join for FREE
Feedback
Dark Mode
Quiz Categories
Sports
Geography
Music
Movies
Television
Just For Fun
Miscellaneous
History
Literature
Language
Science
Gaming
Entertainment
Religion
Holiday
For Kids
Quiz Lab
Recent
Popular Today
Quiz Kudos Today
Editor Picks
Curator Picks
Quizzes by...
Day
Popularity
Type
Ratings
Length
Year
Community
Subscriptions
Recent Discussions
Orange Saloon
Badges
Playlists
Quests
Create
Leaderboards
Showdown
Live 5
Trivia Bingo
Activity
Puzzle Library
Sporcle Events
Private Events
Virtual Trivia
Globe League
Become a Host
Pub Owners
SporcleCon
Opinionation
Our Games
Videos
Blog
Mobile Apps
Partnerships
Remove Ads and Go Orange
Feedback
Music
Pop Music
The Beatles
Song
Album
Lyrics
Bands
Singers
Artist
Clip
Rock
Rap
Classical
Billboard
Country Music
Kpop
Taylor Swift
Music
Pop Music
The Beatles
Song
Album
Lyrics
Bands
Singers
Artist
Clip
Rock
Rap
Classical
Billboard
Country Music
Kpop
Taylor Swift
Random Quiz
Search Sporcle
×
Quiz Lab
Quiz Lab
Music
Pop Music
Type in answers that appear in a list
Type in answers that appear in a list
Classic
Best Score? Go Orange.
Wannabe lyrics Stats
Can you name the lyrics to the hit single 'Wannabe' by the Spice Girls??
By
noangel86
8m
220 Questions
6,443 Plays
6,443 Plays
6,443 Plays
Comments
Comments
Give Quiz Kudos
Give Quiz Kudos
-
- Ratings
hide this ad
Replay
Link that replays current quiz
Next Quiz
Link to next quiz in quiz playlist
You Got
0%
They Got
Avg Score
86%
Avg Friend Score
Upgrade to see
Score Distribution
Jump to the score distribution portion of the page
Score
0/220
Timer
08:00
0
Plays Today
Lyrics
Lyrics
% Correct
I
99.5%
I
99.5%
I
99.5%
I
99.5%
I
99.5%
I
99.5%
I
99.5%
I
99.5%
I
99.5%
you
98.9%
you
98.9%
you
98.9%
you
98.9%
you
98.9%
you
98.9%
you
98.9%
you
98.9%
you
98.9%
you
98.9%
you
98.9%
you
98.9%
you
98.9%
you
98.9%
you
98.9%
you
98.9%
you
98.9%
a
98.1%
the
98.1%
a
98.1%
the
98.1%
A
98.1%
the
98.1%
a
98.1%
and
98.1%
and
98.1%
wanna
97.9%
wanna
97.9%
wanna
97.9%
wanna
97.9%
wanna
97.9%
wanna
97.9%
wanna
97.9%
wanna
97.9%
wanna
97.9%
wanna
97.9%
G
97.8%
be
97.7%
be
97.7%
be
97.7%
be
97.7%
if
97.6%
if
97.6%
if
97.6%
if
97.6%
if
97.6%
my
97.6%
my
97.6%
my
97.6%
my
97.6%
my
97.6%
my
97.6%
my
97.6%
yo
97.2%
me
97%
me
97%
me
97%
me
97%
me
97%
go
96.5%
real
96.1%
real
96.1%
to
96%
to
96%
want
95.6%
Lyrics
Lyrics
% Correct
want
95.6%
want
95.6%
want
95.6%
want
95.6%
get
95.6%
get
95.6%
get
95.6%
get
95.6%
with
95.5%
with
95.5%
with
95.5%
lover
95.3%
lover
95.3%
got
94.9%
got
94.9%
got
94.9%
really
94.9%
really
94.9%
really
94.9%
really
94.9%
really
94.9%
really
94.9%
really
94.9%
really
94.9%
what
94.9%
what
94.9%
what
94.9%
what
94.9%
what
94.9%
friends
94.6%
for
94.4%
for
94.4%
for
94.4%
tell
94.3%
tell
94.3%
it
94.3%
it
94.3%
it
94.3%
it
94.3%
it
94.3%
it
94.3%
so
93.2%
so
93.2%
Z
92.3%
love
92%
gotta
90.3%
gotta
90.3%
I'll
90.1%
I'll
90.1%
I'll
90.1%
never
89.9%
friendship
89.6%
ends
89.3%
make
88.8%
make
88.8%
last
88.4%
do
87.7%
forever
87.6%
zig
87.3%
zig
87.3%
have
87.2%
is
87.1%
is
87.1%
easy
86.5%
easy
86.5%
ah
86.4%
ah
86.4%
that
85.9%
give
85.2%
give
85.2%
your
84.7%
your
84.7%
your
84.7%
we
84.3%
Lyrics
Lyrics
% Correct
we
84.3%
we
84.3%
way
83.3%
that's
82.5%
too
81.3%
don't
80.8%
time
80%
better
78.8%
future
78.7%
just
78.3%
past
78.2%
now
77.7%
now
77.7%
wasting
77.5%
taking
77.2%
precious
77%
together
76.4%
fast
76.1%
from
75.9%
forget
75.9%
fine
75.9%
but
74.8%
listen
74.1%
act
74.1%
in
73.5%
in
73.5%
story
73.2%
here's
73.2%
carefully
72.9%
know
71.4%
can
71%
say
70.7%
say
70.7%
an
70.2%
are
70%
how
69.9%
feel
68.5%
like
68.3%
as
67.7%
think
67.6%
about
67.5%
you'll
67.4%
then
67.2%
see
66.7%
all
66.7%
around
65%
face
64.8%
try
64.1%
goodbye
64%
place
63.7%
won't
63.6%
handle
61.8%
Em
61.7%
down
61.6%
body
61.5%
hasty
59.5%
she's
58.1%
lady
57.7%
slam
57.1%
could
57%
who
56.6%
who
56.6%
V
56.6%
MC
56.1%
bug
55.2%
likes
55.1%
likes
55.1%
free
54.5%
come
53.6%
wind
50.9%
doesn't
49.3%
on
42.6%
Quiz Playlist
Details
Report
Send in Message
Add To Playlist
Classic:
Type in answers that appear in a list
Last Updated: Feb 16, 2017
Quiz Scoreboard
CHALLENGE
Sign Up to Join the Scoreboard
Show All
Scores
Hide
Comments
May contain spoilers
Recently Published
Holiday 10x10 Sorting Gallery
by lukepisani3
Holiday
15m
Two Season TV Shows II
by 123Four
Television
10m
Image Sorting: Flags VI
by Barbecue
Geography
2m
More to Explore
Quiz From the Vault
Featured Blog Post
14 Easter Pick-up Lines to Find Eggs With
hide this ad
You Might Also Like...
Tags
Lyrics Quiz
Pop Music Quiz
Spice Girls
Today's Top Quizzes in Music
Browse Music
hide this ad
Today's Top Quizzes in Pop Music
Browse Pop Music
Top Contributed Quizzes in Music
1
5X2 Blitz: Bands II
2
5X2 Blitz: The Beatles
3
Taylor Swift All Songs (2024)
4
5X2 Blitz: Billboard
5
5X2 Blitz: Billboard II
6
Music Artist by Three 2010s hits
7
5X2 Blitz: Album
8
5X2 Blitz: Rock
9
5X2 Blitz: Singers
10
5X2 Blitz: Lyrics
Explore More
Trending Topics
Marvel
Anime
NBA
Kpop
Crossword
Harry Potter
Disney
Song
Pokémon
The Office
WWE
Country
Puzzle
Soccer
NFL
hide this ad
More By:
noangel86
Quiz
Plays
Rating
Category
Featured
Created
Wannabe lyrics
6,443
4.83
Music
May 5, 2011
London Underground Zone 1
404
4.67
Geography
Oct 25, 2010
Go to Creator's Profile
Score Distribution
Quiz Creator Spotlight
noangel86
Follow
Send a Message
Quizzes Created
-
Created Quiz Play Count
-
More By This Creator
Popular Quizzes Today
1
Find the US States - No Outlines Minefield
2
Colored Red Africa Blitz
3
Find the 'City' Movie
4
The Countries of the World
5
5x2 Blitz: Bands
6
Find the Countries of Europe - No Outlines Minefield
7
Find the US States
8
US States
More Music Quizzes
Bands Missing First Letter Match-Up
Published
Trending Quizzes
Colored Red Europe Blitz I
Colored Red Africa Blitz II
Colored Red Europe Blitz II
Even More Two Season TV Shows
Colored Red Africa Blitz III
Recently Updated
Quick Pick: 20 Twenties
pecheneg
March Madness Men's Triple Doubles
pecheneg
How Do You Spell That?
pecheneg
Godzilla Movies
pecheneg
Grab Bag: 4-10 Letters
pecheneg
2024 March Madness Bracket
pecheneg
Famous TV Couples
Peacemaker
Champions League XIs: Real Madrid
pecheneg
Largest US Cities 1790-2010
pecheneg
Rides in Walt Disney World
pecheneg
Trending Topics
Disney
Kpop
NBA
Anime
Harry Potter
Crossword
Marvel
Soccer
WWE
Puzzle
NFL
Country
The Office
Song
Pokémon
Your Account Isn't Verified!
In order to create a playlist on Sporcle, you need to verify the email address you used during registration. Go to your
Sporcle Settings
to finish the process.
Report this User
Report this user for behavior that violates our
Community Guidelines
.
Details:
Send Report
Go to the Sporcle.com Mobile Site →
Comments